| 000 | 00604nam a2200229Ia 4500 | ||
|---|---|---|---|
| 003 | OSt | ||
| 005 | 20221005123758.0 | ||
| 006 | a|||||r|||| 00| 0 | ||
| 007 | ta | ||
| 008 | 221004b |||||||| |||| 00| 0 ara d | ||
| 024 | _a71188 | ||
| 037 | _cTextual | ||
| 040 |
_aCRL _cCRL _bara |
||
| 041 |
_2ara _aara |
||
| 082 | _aP,3:4k, 28M6(RR) | ||
| 100 |
_aArnani Mohammad Au. _9634207 |
||
| 245 | 0 | _aMajmua al-ghilat-e-al-lughviah al muasir | |
| 260 | _c1986 | ||
| 650 | _aDICTIONARIES | ||
| 942 |
_hP,3:4k, 28M6(RR) _cTEXL _2cc |
||
| 999 |
_c1048451 _d1048451 |
||